Korsika - perla ve Středozemním moři
Článok poukazuje na prepojenosť vplyvu prírodného, socioekonomického prostredia a historických aspektov pri súčasných problémoch Korziky.
Guardado en:
| Autor principal: | |
|---|---|
| Formato: | Capítulo de libro |
| Lenguaje: | checo |
| Materias: | |
| Etiquetas: |
Sin Etiquetas, Sea el primero en etiquetar este registro!
|
MARC
| LEADER | 00000naa$a2200000$$$4500 | ||
|---|---|---|---|
| 001 | 0106890 | ||
| 005 | 20231127085307.8 | ||
| 041 | 0 | |a cze | |
| 044 | |a SK | ||
| 245 | 1 | 0 | |a Korsika - perla ve Středozemním moři |c Dana Hübelová |
| 520 | |a Článok poukazuje na prepojenosť vplyvu prírodného, socioekonomického prostredia a historických aspektov pri súčasných problémoch Korziky. | ||
| 610 | 2 | 0 | |a geografia |
| 610 | 2 | 0 | |a svet |
| 610 | 2 | 0 | |a kolonizácia |
| 610 | 2 | 0 | |a Francúzsko |
| 610 | 2 | 0 | |a hnutie za nezávislosť |
| 610 | 2 | 0 | |a dejiny |
| 100 | 1 | |a Hübelová, Dana | |